000 01178cam a22003857a 4500
003 CHAP
005 20240523094055.0
008 040303d2002 it rn 00110 spa d
010 _a88121
011 _a89093
020 _a9253047658
035 _a99642
040 _cCHAP
082 0 4 _a631.4
_bF39Y v.9
110 0 _aFAO
245 1 0 _aRelaciones tierra-agua en cuencas hidrográficas rurales
_c/por FAO
260 _aRoma :
_bFAO,
_c2002.
300 _a88 p. :
_b+ 1 disco compacto de 4 3/4 plgs.
410 0 0 _aFAO
490 0 _aBoletín de tierras y aguas
_v; 9
590 _aBATCH-UPD
_b10
_c20130110
590 _aBATCH-UPD
_b10
_c20130410
590 _aBATCH-UPD
_b10
_c20130914
590 _aCONVERSION
_b10
_c20130109
650 1 4 _aCuencas.
_930085
650 1 4 _aRelación agua - suelo - planta.
_995825
650 1 4 _aTierras
_xUtilización.
_9113219
810 0 _aFAO
830 0 0 _aBoletín de tierras y aguas
_v; 9
_913540
901 _aBK
905 _aAlejandra Carrasco M.
942 _cLIBRO
_2ddc
949 _a631.4 F39Y v.9
_bBC
_cCD
_d33724002027520
_eFAO1
_fCD
_i99642
_sb
949 _a631.4 F39Y v.9
_bBC
_cFAO
_d33724000914883
_eFAO1
_h104487
_i99642
_sb
999 _c88121
_d88121